000 01096cam a2200229 4500
008 031104n2003 000 0 eng u
020 _a1851126732
035 _a(Sirsi) u124233
041 _a711.1094
_c18
110 _aUnited Kingdom
_bOffice of the Deputy Prime Minister
245 _aPolycentricity scoping study
260 _aLondon
_bODPM
_c2003
350 _a10
520 _aPolycentric urban development is a key concept in European spatial planning. This report aims to explain polycentric development in simple terms. It discusses the origins of the idea, raises some key questions, reviews methodologies and highlights practical examples. Glossary and references. View the report at www.planning.odpm.gov.uk.
650 _aPOLYCENTRIC URBAN DEVELOPMENT
650 _aSPATIAL PLANNING
650 _aURBAN PLANNING
650 _aEUROPE
690 _aPlanning and development
_96259
856 _uhttps://webarchive.nationalarchives.gov.uk/+/http://www.communities.gov.uk/index.asp?id=1145443
_zView this item on the webarchive.nationalarchives.gov.uk website.
942 _n0
999 _c103182
_d103182